<?xml version="1.0" encoding="UTF-8"?>
<collection xmlns="http://www.loc.gov/MARC21/slim">
 <record>
  <leader>00863nab a2200193 i 4500</leader>
  <controlfield tag="001">misc43313</controlfield>
  <controlfield tag="005">20191106141322.0</controlfield>
  <controlfield tag="008">180823s1992    hu      o     0||   zxx d</controlfield>
  <datafield tag="022" ind1=" " ind2=" ">
   <subfield code="a">1215-5233</subfield>
  </datafield>
  <datafield tag="040" ind1=" " ind2=" ">
   <subfield code="a">SZTE Miscellanea Repozitórium</subfield>
   <subfield code="b">hun</subfield>
  </datafield>
  <datafield tag="041" ind1=" " ind2=" ">
   <subfield code="a">zxx</subfield>
  </datafield>
  <datafield tag="100" ind1="1" ind2=" ">
   <subfield code="a">Réthy Endréné</subfield>
  </datafield>
  <datafield tag="245" ind1="1" ind2="0">
   <subfield code="a">Könyvismertetés </subfield>
   <subfield code="h">[elektronikus dokumentum] :</subfield>
   <subfield code="b">Jürgen Fritz (Hrsg.) Harci játékokra programozva. A videojáték  világképe  és  képvilága. Campus Verlag Bonn 1988. 327. o. : [könyvismertetés] /</subfield>
   <subfield code="c"> Réthy Endréné</subfield>
  </datafield>
  <datafield tag="260" ind1=" " ind2=" ">
   <subfield code="c">1992</subfield>
  </datafield>
  <datafield tag="300" ind1=" " ind2=" ">
   <subfield code="a">155-157</subfield>
  </datafield>
  <datafield tag="490" ind1="0" ind2=" ">
   <subfield code="a">Iskolakultúra</subfield>
   <subfield code="v">2 No. 11-12</subfield>
  </datafield>
  <datafield tag="695" ind1=" " ind2=" ">
   <subfield code="a">Számítógépes kultúra - könyvismertetés, Videójáték - könyvismertetés, Játékok - könyvismertetés</subfield>
  </datafield>
  <datafield tag="700" ind1="0" ind2="1">
   <subfield code="a">Fritz Jürgen</subfield>
  </datafield>
  <datafield tag="856" ind1="4" ind2="0">
   <subfield code="u">http://misc.bibl.u-szeged.hu/43313/1/iskolakultura_1992_011_012_155-157.pdf</subfield>
   <subfield code="z">Dokumentum-elérés </subfield>
  </datafield>
 </record>
</collection>
